Green is in: official (Record no. 75578)

MARC details
000 -LEADER
fixed length control field 00869cab a2200193 4500
001 - CONTROL NUMBER
control field L130364
008 - FIXED-LENGTH DATA ELEMENTS--GENERAL INFORMATION
fixed length control field 050721n2005 000 0 eng u
035 ## - SYSTEM CONTROL NUMBER
System control number (Sirsi) u130364
041 ## - LANGUAGE CODE
Language code of text/sound track or separate title eng
100 ## - MAIN ENTRY--PERSONAL NAME
Personal name Tinworth, Adam
245 ## - TITLE STATEMENT
Title Green is in: official
260 ## - PUBLICATION, DISTRIBUTION, ETC.
Date of publication, distribution, etc. 2005
490 ## - SERIES STATEMENT
Series statement Estates Gazette
Volume/sequential designation (0528) 16 July 2005, 50-57(7)
520 ## - SUMMARY, ETC.
Summary, etc. Discusses whether the property industry is prepared for the Building Regulations Part L which, from 4 January 2006, requires all buildings to have an energy performance certificate that is no more than ten years old, whenever they are bought, sold or rented. First of three articles on sustainabilty (see also L130478 and L130479).
590 ## - LOCAL NOTE (RLIN)
Local note IKA020805
650 ## - SUBJECT ADDED ENTRY--TOPICAL TERM
Topical term or geographic name entry element BUILDING REGULATIONS 2000 APPROVED DOCUMENT L1 (2002 EDITION)
690 ## - LOCAL SUBJECT ADDED ENTRY--TOPICAL TERM (OCLC, RLIN)
Topical term or geographic name as entry element ENVIRONMENTAL AND LAND CONSULTANCY-SUSTAINABILITY
942 ## - ADDED ENTRY ELEMENTS (KOHA)
Suppress in OPAC 0
Holdings
Withdrawn status Lost status Source of classification or shelving scheme Damaged status Not for loan Home library Current library Shelving location Date acquired Total Checkouts Full call number Barcode Date last seen Copy number Price effective from Koha item type
    Dewey Decimal Classification     London London Journal article 21/07/2005   L130364 130364-1001 06/08/2019 1 06/08/2019 Journal article